C++ Programming / (Record no. 35818)

MARC details
000 -LEADER
fixed length control field 00539nam a22001817a 4500
005 - DATE AND TIME OF LATEST TRANSACTION
control field 20240530113434.0
008 - FIXED-LENGTH DATA ELEMENTS--GENERAL INFORMATION
fixed length control field 240530b |||||||| |||| 00| 0 eng d
020 ## - INTERNATIONAL STANDARD BOOK NUMBER
ISBN 978-1-4239-0222-5
082 ## - DEWEY DECIMAL CLASSIFICATION NUMBER
Classification number 005.133
Item number MAL-C
100 ## - MAIN ENTRY--AUTHOR
Author Name Malik;.D.S
245 ## - TITLE STATEMENT
Title C++ Programming /
Remainder of title Program Design Including Data Structures/
Statement of responsibility, etc. D.S.Malik
250 ## - EDITION STATEMENT
Edition statement 4th ed.
260 ## - PUBLICATION, DISTRIBUTION, ETC.
Place of Publication USA;
Name of publisher, distributor, etc. Cengage Learning;
Date of publication, distribution, etc. 2009
300 ## - PHYSICAL DESCRIPTION
Pages xxxv, 1560 p::
500 ## - GENERAL NOTE
General note Include index.
650 ## - SUBJECT ADDED ENTRY--TOPICAL TERM
Subject / Department Computer Science/Computer Programming
300 ## - PHYSICAL DESCRIPTION
-- ill.;
-- 23.3 cm.
952 ## - LOCATION AND ITEM INFORMATION (KOHA)
-- 0
-- 0
Holdings
Lost status Damaged status Collection code Permanent Location Current Location Shelving Location Date acquired Full Call Number Accession No./Barcode Date last seen item type Koha item type
    CS/IT Superior Information Resource Center (SIRC) Superior University - City Campus Superior Information Resource Center (SIRC) Superior University - City Campus Computer Science 05/30/2024 005.133 MAL-C 2009 10132 05/30/2024 BOOK BOOK

Powered by Koha